Problemy zrównoważonego rozwoju a ubezpieczenia ekologiczne

Salvato in:
Dettagli Bibliografici
Autore principale: Rutkowska, Małgorzata
Altri autori: Kozyra, Przemysław
Natura: Capitolo di libro
Lingua:polacco
Tags: Aggiungi Tag
Nessun Tag, puoi essere il primo ad aggiungerne!!

MARC

LEADER 00000naa a2200000 4500
001 0151163
005 20220713100944.0
041 0 |a pol 
044 |a PL 
245 1 0 |a Problemy zrównoważonego rozwoju a ubezpieczenia ekologiczne  |c Małgorzata Rutkowska, Przemysław Kozyra 
100 1 |a Rutkowska, Małgorzata 
700 1 |a Kozyra, Przemysław